000 00653nam a2200229Ia 4500
001 1560
003 GE_BSU
008 181216s||||||||xx |||||||||||||| ||und||
020 _a5878290812
040 _cGE_BSU
080 _a624.014
245 _aМеталлические конструкции.
245 _bСправочник проектировщика.
260 _aМосква
260 _bИдв-во АСВ.
260 _c1998
300 _a512 стр. 23 см.
541 _h20 л.
653 _aМеталлические конструкции.
653 _aСправочник проектировщика.
942 _cBK
999 _c35687
_d35687